| 000 -LEADER |
| fixed length control field |
00359nam a22001457a 4500 |
| 003 - CONTROL NUMBER IDENTIFIER |
| control field |
OSt |
| 005 - DATE AND TIME OF LATEST TRANSACTION |
| control field |
20200603162040.0 |
| 008 - FIXED-LENGTH DATA ELEMENTS--GENERAL INFORMATION |
| fixed length control field |
200603b ||||| |||| 00| 0 eng d |
| 020 ## - INTERNATIONAL STANDARD BOOK NUMBER |
| International Standard Book Number |
9784309800011 |
| 082 ## - DEWEY DECIMAL CLASSIFICATION NUMBER |
| Classification number |
728.5 |
| Item number |
ISH |
| 110 ## - MAIN ENTRY--CORPORATE NAME |
| Corporate name or jurisdiction name as entry element |
Ishii Hiroaki(editor) |
| 245 ## - TITLE STATEMENT |
| Title |
Interior & amenity design |
| 260 ## - PUBLICATION, DISTRIBUTION, ETC. (IMPRINT) |
| Place of publication, distribution, etc |
Japan |
| Name of publisher, distributor, etc |
kawade shobo shinsha |
| Date of publication, distribution, etc |
2006 |
| 942 ## - ADDED ENTRY ELEMENTS (KOHA) |
| Source of classification or shelving scheme |
|